00718nam a2200205Ia 4500003000900000008004100009020001800050040001600068080002200084100002500106245009500131260003300226300001400259650004100273650002200314650002500336942000700361999001500368952012900383IN-BaIIA211028s9999 xx 000 0 eng d a0-08-022047-9 cIIA Library a523.31-423.3bMEL aMelchior, Paul96354 4aThe tides of the planet earthcPaul Melchior  aOxfordbPergamon Pressc1978 axi, 609p. aAstronomy and astrophysics thesaurus aAtmospheric tides aEarth - tides912258 cBK c7149d7149 00104070aBANbBANcGENd1982-08-25g1039.50l0o523.31-423.3/ MELp7943r2021-11-05v1039.50w1982-08-25yBKGRs. 1039.50